| 000 | 00435nam a22001457a 4500 | ||
|---|---|---|---|
| 020 | _a9789383305049 | ||
| 082 |
_a664 _bMIS/FO |
||
| 245 | _aFood and Nutritional Security By Sustainable Agriculture: Methods to Attain and Sustain | ||
| 260 |
_aNew Delhi _bNew India Publishing Agency _c2014 |
||
| 300 | _a477 | ||
| 700 |
_aMishra, Brijesh Kumar _9522 |
||
| 700 |
_aSunil Kumar _9523 |
||
| 700 |
_aTiwari, Jagesh Kumar _9524 |
||
| 942 | _cBK | ||
| 999 |
_c14349 _d14349 |
||